Knowledge Management as a Tool for Increasing the Efficiency of Municipality Management in Slovakia

Cieľom článku je identifikovať súčasný stav znalostného manažmentu ako nástroja na zvýšenie efektivity riadenia obcí na Slovensku. Dôraz je kladený na analýzu vnímania, aplikácie a bariér manažmentu znalostí. Tieto problémy sú skúmané na teoretickej a praktickej úrovni so zberom údajov dotazníkovou...

Descripción completa

Guardado en:
Detalles Bibliográficos
Autor principal: Čajková, Andrea
Otros Autores: Jankelová, Nadežda, 1966-, Masár, Dušan
Formato: Capítulo de libro
Lenguaje:inglés
Materias:
Etiquetas: Agregar Etiqueta
Sin Etiquetas, Sea el primero en etiquetar este registro!

MARC

LEADER 00000naa a2200000 4500
001 0278951
005 20260218135952.5
041 0 |a eng 
044 |a GB 
245 1 0 |a Knowledge Management as a Tool for Increasing the Efficiency of Municipality Management in Slovakia  |c Andrea Čajková, Nadežda Jankelová, Dušan Masár 
520 |a Cieľom článku je identifikovať súčasný stav znalostného manažmentu ako nástroja na zvýšenie efektivity riadenia obcí na Slovensku. Dôraz je kladený na analýzu vnímania, aplikácie a bariér manažmentu znalostí. Tieto problémy sú skúmané na teoretickej a praktickej úrovni so zberom údajov dotazníkovou metódou vo vybraných obciach na Slovensku. 
610 2 0 |a manažment znalostný 
610 2 0 |a mestá 
610 2 0 |a obce 
610 2 0 |a samospráva 
610 2 0 |a správa verejná 
100 1 |a Čajková, Andrea 
700 1 |a Jankelová, Nadežda, 1966- 
700 1 |a Masár, Dušan